00827cam a22002653a 450000100060000000300060000600500170001200800410002904000150007004200070008505000070009210000140009924500910011326000290020450600300023351600200026365300190028365300560030265300300035865300470038865300120043570000430044783000290049085600420051920298PGUSA20140828083429.0070106s2007||||xxu|||||s|||||000 | eng d aPGUSAbeng adc 4aPA1 aProcopius10aProcopius :bHistory of the Wars, Books V. and VI.h[electronic resource] /cProcopius bProject Gutenberg,c2007 aPublic domain in the USA. aElectronic text aGoths -- Italy aByzantine Empire -- History -- Justinian I, 527-565 aIran -- History -- To 640 aJustinian I, Emperor of the East, 483?-565 aVandals1 aDewing, H. B.q(Henry Bronson),d1882- 0aProject Gutenbergv2029840uhttp://www.gutenberg.org/ebooks/20298